Places To Study

There are group study rooms, individual study carrels, computer labs, and other spaces to study in the Libraries.

Reserve A Group Room

Online Resources

Access thousands of eBooks, audiobooks, and online journals from the comfort of your home.

Explore Resources

Events and Workshops

Join our upcoming events and workshops to enhance your skills and knowledge.

View Events

အဘိဓမ္မတ္ထသင်္ဂဟပါဌ် / (Record no. 2731)

MARC details
000 -LEADER
fixed length control field 00728nam a22001697a 4500
003 - CONTROL NUMBER IDENTIFIER
control field OSt
005 - DATE AND TIME OF LATEST TRANSACTION
control field 20251216134018.0
008 - FIXED-LENGTH DATA ELEMENTS--GENERAL INFORMATION
fixed length control field 251216b |||||||| |||| 00| 0 eng d
040 ## - CATALOGING SOURCE
Transcribing agency DCL
082 ## - DEWEY DECIMAL CLASSIFICATION NUMBER
Classification number ၂၉၄.၃၈၂၄
100 0# - MAIN ENTRY--PERSONAL NAME
Personal name အနုရုဒ္ဓါမထေရ်၊
Titles and words associated with a name အရှင်။
245 10 - TITLE STATEMENT
Title အဘိဓမ္မတ္ထသင်္ဂဟပါဌ် /
Statement of responsibility, etc. အရှင်အနုရုဒ္ဓါမထေရ်။
264 ## - PRODUCTION, PUBLICATION, DISTRIBUTION, MANUFACTURE, AND COPYRIGHT NOTICE
Place of production, publication, distribution, manufacture ရန်ကုန် ၊
Name of producer, publisher, distributor, manufacturer ယုံကြည်ချက်စာပေ၊
Date of production, publication, distribution, manufacture, or copyright notice ၂၀၀၅။
300 ## - PHYSICAL DESCRIPTION
Extent ၂၁၂ စာမျက်နှာ ၊
Dimensions ၁၉ စင်တီ။
650 ## - SUBJECT ADDED ENTRY--TOPICAL TERM
Topical term or geographic name entry element အဘိဓမ္မာ။
942 ## - ADDED ENTRY ELEMENTS (KOHA)
Source of classification or shelving scheme Dewey Decimal Classification
Koha item type Short Term
Suppress in OPAC No
Holdings
Withdrawn status Lost status Source of classification or shelving scheme Damaged status Not for loan Collection Accession No. Home library Current library Shelving location Date acquired Total checkouts Full call number Barcode Date last seen Price effective from Koha item type
    Dewey Decimal Classification     Myanmar Collection ၁၂၅၄ Dhammadhara Dhammadhara Myanmar Shelves 16/12/2025   ၂၉၄.၃၈၂၄ အ ၁၂၅၄(၁) MB00001254 16/12/2025 16/12/2025 Short Term
    Dewey Decimal Classification     Myanmar Collection ၁၂၅၅ Dhammadhara Dhammadhara Myanmar Shelves 16/12/2025   ၂၉၄.၃၈၂၄ အ ၁၂၅၅(၂) MB00001255 16/12/2025 16/12/2025 Short Term
    Dewey Decimal Classification     Myanmar Collection ၁၂၅၇ Dhammadhara Dhammadhara Myanmar Shelves 16/12/2025   ၂၉၄.၃၈၂၄ အ ၁၂၅၇(၃) MB00001257 16/12/2025 16/12/2025 Short Term
    Dewey Decimal Classification     Myanmar Collection ၁၂၅၈ Dhammadhara Dhammadhara Myanmar Shelves 16/12/2025   ၂၉၄.၃၈၂၄ အ ၁၂၅၈(၄) MB00001258 16/12/2025 16/12/2025 Short Term
    Dewey Decimal Classification     Myanmar Collection ၁၂၅၉ Dhammadhara Dhammadhara Myanmar Shelves 16/12/2025   ၂၉၄.၃၈၂၄ အ ၁၂၅၉ (၅) MB00001259 16/12/2025 16/12/2025 Short Term